1451 1067 1539 1618 1003 1283 1139 1071 1717 1969 1185 1367 1223 1936 1927 1101 1277 1900 1642 1484 1582 1420 1105 1531 1177 1706 1568 1131 1978 1055 1450 1282 1325 1544 1699 1613 1796 1000 1525 1723 1032 1065 1502 1391 1263 1384 1604 1441 1849 1896 1012 1827 1543 1710 1360 1771 1862 1993 1032 1843 1831 1008 1894 1362 1434 1288 1767 1256 1943 1377 1398 1695 1984 1623 1071 1311 1692 1335 1770 1326 1956 1651 1730 1031 1874 1976 1556 1532 1359 1555 1620 1331 1186 1897 1364 1160 1839 1041 1719 BCNSPRNW ULIB Ver.6.0+V

เปลี่ยนเป็นภาษาไทย

Change to English
 แสดงรายละเอียดบรรณานุกรม
  กลับหน้าหลัก

Brief Record : Get Marc (ISO 2709) : E-mail record : QR code < ปิดหน้าต่าง
LEADER : 00000nam 2200000uu 4500
001    13399109973
003     ULIB
008    110419s2546||||th 000 0 tha d
020    9741322275
060 04 WS350^bอ428จ 2546
100 0  อลิสา วัชรสินธุ
245 10 จิตเวชเด็ก /^cอลิสา วัชรสินธุ
260    กรุงเทพฯ :^bแห่งจุฬาลงกรณ์มหาวิทยาลัย,^c2546
300    [15], 250 หน้า ;^c21 ซม.
650  7 จิตเวชศาสตร์เด็ก
650  7 จิตเวชเด็ก^xในวัยทารกและวัยเด็ก
710  2 จุฬาลงกรณ์มหาวิทยาลัย
945    ^p120^l0^i016419
945    ^p120^l0^i016418
945    ^p120^l0^i016417
995    เกษร
999 ^a ใช้งานได้ทุกระบบ
รายการนี้ยังไม่มีแท็ก
คุณยังไม่ได้ล็อกอิน คุณสามารถมีกิจกรรมร่วมกับเว็บไซต์ได้ แต่ต้องล็อกอินก่อน ::
  ล็อกอิน

รายการสื่อสารสนเทศ

ลำดับที่ ประเภท เลขเรียก/บาร์โค้ด สถานที่ สถานะ
1. วิทยาศาสตร์การแพทย์ และสุขภาพ
วิทยาศาสตร์การแพทย์ และสุขภาพ
WS350 อ428จ 2546 ฉ.2 
  Barcode: 016418
ห้องสมุดวิทยาเขตสวรรค์ประชารักษ์
►ส่วนจัดเก็บหนังสือเก่า สปร
บนชั้น
  ขอยืม

รายการใกล้เคียง
    ผู้แต่ง [อลิสา วัชรสินธุ]

    หัวเรื่อง [จิตเวชศาสตร์เด็ก]

BibComment


ยังไม่เคยถูกคอมเมนท์

คอมเมนท์ทรัพยากรรายการนี้
  คอมเมนท์: จิตเวชเด็ก อลิสา..


 Copyright 2026. Bcnsprnw @Library